000 00584cab a2200205 4500
001 ABS00011
008 090401t1989 xxu||||| |||| 00| 0 eng d
035 _a(Sirsi) u65039
041 _aeng
245 _aBritish own £925bn of homes
260 _c1989
350 _a0
490 _aFinancial Times
_v22/9/89 p8
490 _aIndependent
_v22/9/89 p26
520 _aA survey has shown that the ownership of a house is more important to the British than to other Europeans.
650 _aHOME OWNERSHIP
690 _aECONOMIC AND SOCIAL
942 _n0
948 _c04/03/1997
999 _c40538
_d40538